[Event "IRI-ch U12"]
[Site "Chess.com INT"]
[Date "2021.01.16"]
[Round "9"]
[White "Jahanbakhshi, Ilya"]
[Black "Khavand, Parsa"]
[Result "0-1"]
[WhiteElo "1111"]
[BlackElo "1341"]
[PlyCount "90"]
[EventDate "2021.01.16"]
[EventType "swiss"]
[EventRounds "11"]
[EventCountry "IRI"]
[SourceTitle "EXT 2022"]
[Source "ChessBase"]
[SourceDate "2021.10.06"]
[SourceVersion "1"]
[SourceVersionDate "2021.10.06"]
[SourceQuality "1"]

1. e4 c6 2. Nc3 d5 3. exd5 cxd5 4. d4 Nc6 5. Nf3 Bg4 6. Be2 Nf6 7. h3 Bh5 8. g4 Bg6 9. Bd3 e6 10. Bf4 Bd6 11. Bxd6 Qxd6 12. Bxg6 hxg6 13. Qd3 0-0-0 14. 0-0-0 Qf4+ 15. Kb1 Ne4 16. Rde1 Nxf2 17. Qe2 Nxh1 18. Rxh1 Nxd4 19. Nxd4 Qxd4 20. Nb5 Qc4 21. Nxa7+ Kb8 22. Qxc4 dxc4 23. Nb5 Rxh3 24. Rf1 Rg3 25. a3 f5 26. gxf5 gxf5 27. Nc3 g5 28. Kc1 g4 29. Ne2 Rf3 30. Rg1 Rf2 31. Ng3 Rdd2 32. Kb1 Rxc2 33. Nh5 Rxb2+ 34. Kc1 Rfc2+ 35. Kd1 Rg2 36. Rxg2 Rxg2 37. Nf4 Rg1+ 38. Ke2 e5 39. Ng6 f4 40. Nxe5 Rg2+ 41. Kf1 f3 42. Nxc4 g3 43. Ne3 Rf2+ 44. Kg1 Re2 45. Ng4 Re1# 0-1

[Event "IRI-ch U12"]
[Site "Chess.com INT"]
[Date "2021.01.16"]
[Round "6"]
[White "Khavand, Parsa"]
[Black "Tahmasebi, Hosein"]
[Result "0-1"]
[WhiteElo "1341"]
[BlackElo "1631"]
[PlyCount "130"]
[EventDate "2021.01.16"]
[EventType "swiss"]
[EventRounds "11"]
[EventCountry "IRI"]
[SourceTitle "EXT 2022"]
[Source "ChessBase"]
[SourceDate "2021.10.06"]
[SourceVersion "1"]
[SourceVersionDate "2021.10.06"]
[SourceQuality "1"]

1. e4 e6 2. d4 d5 3. Nc3 Bb4 4. exd5 exd5 5. Bd2 Nf6 6. Nf3 0-0 7. Be2 Bg4 8. 0-0 Nc6 9. a3 Be7 10. Bf4 Ne4 11. Ne5 Bxe2 12. Nxe2 Nxe5 13. Bxe5 Bd6 14. Bxd6 Qxd6 15. Ng3 Nxg3 16. hxg3 Rfe8 17. Re1 g6 18. Qf3 Qc6 19. c3 a5 20. Qf4 a4 21. Qd2 Qb5 22. f3 Rxe1+ 23. Rxe1 Re8 24. Rxe8+ Qxe8 25. Kf2 Qb5 26. Qe2 Qxe2+ 27. Kxe2 Kg7 28. Ke3 Kf6 29. Kf4 h5 30. g4 g5+ 31. Kg3 h4+ 32. Kf2 Ke6 33. Ke3 Kd6 34. Kd3 Kc6 35. c4 dxc4+ 36. Kxc4 b5+ 37. Kb4 Kb6 38. b3 axb3 39. Kxb3 Ka5 40. d5 f6 41. Kc3 Ka4 42. Kb2 b4 43. axb4 Kxb4 44. Kc2 Kc5 45. Kd3 Kxd5 46. Kc3 Ke5 47. Kc4 Kf4 48. Kd5 Kg3 49. Ke6 Kxg2 50. Kxf6 h3 51. Kxg5 h2 52. Kf6 h1Q 53. g5 Kxf3 54. g6 c5 55. Kf7 Qh5 56. Kf6 Qxg6+ 57. Kxg6 c4 58. Kf6 c3 59. Ke5 c2 60. Kd4 c1Q 61. Kd3 Qc5 62. Kd2 Ke4 63. Ke2 Qc2+ 64. Kf1 Kf3 65. Ke1 Qe2# 0-1